00869 a2200205 4500010001400000020002300014035001300037037001600050082001000066090001500076100001700091245015700108250002900265260004600294270011800340300003000458942002500488999001500513952013500528 aENG-88958 a8121924170c310.00 aEN-72491 bDBAD / PUB14a660.6 c9707d97071 aDubey, R. C.00aA textbook of biotechnology for class XI :cby R. C. Dubeybwith biotechnology practicals (as per the CBSE course structure and the NCERT guidelines)/ a2nd Multicolour rev. ed. aNew DelhibS. Chand & Company Ltd.c2007 a7361, Ram Nagar,bNew Delhie110 055k011-23672080, 011-23672081, 011-23672082l011-23677446mschand@ndb.vsnl.com axvi, 540 p.c24cm (Pbk ) adplcENk660.6 / DUB c9530d9530 00102ddc40718NFICaDBADbDBADeDBAD/PUBg310.00l0o660.6 DUBpEN-72491r2008-09-15 00:00:00t1u10516v310.00w2008-09-15yEN